|
|
|
|
| LEADER |
00987nam a22002652a 4500 |
| 001 |
000361617 |
| 003 |
CZ BrMZK |
| 005 |
20210204073455.0 |
| 008 |
980105s1990 xr f cze d |
| 015 |
|
|
|a cnb000062815
|
| 020 |
|
|
|a 80-900258-1-1
|q (brož.) :
|c 15 Kčs
|
| 035 |
|
|
|a (OCoLC)39581575
|
| 040 |
|
|
|a ABA001
|b cze
|d ABA001
|d BOA001
|
| 080 |
9 |
|
|a 687.1/.4
|
| 080 |
9 |
|
|a 746
|
| 100 |
1 |
|
|a Florianová, Jiřina
|4 aut
|4 ill
|
| 245 |
1 |
0 |
|a Vitka Brněnec :
|b 23 modelů pletených svetrů, 9 druhů přízí /
|c modely, popisy a kresby Jiřina Florianová ; fotogr. Petra Skoupilová
|
| 250 |
|
|
|a 1. vyd.
|
| 260 |
|
|
|a Praha :
|b Svojtka a Vašut ;
|a Brněnec :
|b Vitka,
|c 1990
|
| 300 |
|
|
|a 31 s. :
|b il. (některé barev.) ;
|c 29 cm
|
| 655 |
|
7 |
|a brožury
|7 fd131925
|2 czenas
|
| 700 |
1 |
|
|a Skoupilová, Petra,
|d 1944-2023
|7 jo20000082703
|4 aut
|4 pht
|
| 910 |
|
|
|a BOA001
|b X2-0965.479
|
| 990 |
|
|
|a BK
|
| 996 |
6 |
|
|b 2619824651
|c X2-0965.479
|l MZK
|r Sklad / do 24 hodin
|n 1
|w 000361617
|u 000010
|a 1
|e BOA001
|j MZK50
|s P
|